| 000 | 00476cam a2200181ua 4500 | ||
|---|---|---|---|
| 020 | _c1.00 | ||
| 041 |
_amal _h |
||
| 082 |
_a894.8122 _bVEN/KA |
||
| 100 | _aGopalakurup, Vennikkulam . | ||
| 245 |
_aKalidasante kanmani / _cVennikulam Gopala kurup. _hTextual Documents |
||
| 250 |
_a1 / _b. |
||
| 260 |
_aKottayam : _bSahitya Pravarthaka Co-operative Society , _c1957. |
||
| 300 | _a62 ; . | ||
| 365 | _a1.00 | ||
| 504 | _a | ||
| 942 | _cBK | ||
| 999 |
_c12563 _d12563 |
||